000 00824cam a2200253 a 4500
003 OSt
005 20240611113148.0
008
020 _a9781412902731 (Paperback.)
040 _cNUST
_aNUST
_beng
_dNUST
_erda
050 _aBF637.C6 NEI
100 1 _eAuthor
_qNelson-Jones, Richard.
245 _aNo Title
250 _aSecond edition.
260 _aLondon :
_bSAGE Publications,
_cc2005.
300 _axii, 353 pages. :
_billustrations,
_c25 cm.
336 _2:rdacontent
_a:text
_b:txt
337 _2:rdamedia
_a:unmediated
_b:n
338 _2:rdacarrier
_a:volume
_b:nc
504 _aIncludes bibliographical referencesand Index.
650 0 _aCounseling.
907 _a.b10268960
_b15-11-13
_c08-10-09
942 _cBOOKS
_kBF
_mNEL
_eThird edition.
_hBF637.C6
_n0
_2lcc
999 _c135545
_d135545